Operations and supply chain management

Guardado en:
Detalles Bibliográficos
Autor principal: Jacobs, F. Robert
Otros Autores: Chase, Richard B.
Formato: Libro
Lenguaje:inglés
Publicado: New York McGraw-Hill/Irwin 2011
Edición:13th ed.
Colección:<The> McGraw-Hill/Irwin series
Materias:
Etiquetas: Agregar Etiqueta
Sin Etiquetas, Sea el primero en etiquetar este registro!

MARC

LEADER 00000nam a2200000 4500
001 0142024
005 20230109114726.6
020 |a 978-0-07-122090-3 
041 0 |a eng 
044 |a US 
245 1 0 |a Operations and supply chain management  |c F. Robert Jacobs, Richard B. Chase ; contributor: Rhonda R. Lummus 
250 |a 13th ed. 
264 1 |a New York  |b McGraw-Hill/Irwin  |c 2011 
300 |a 829 s. 
490 1 |a <The> McGraw-Hill/Irwin series 
830 0 |a <The> McGraw-Hill/Irwin series 
610 2 0 |a výroba 
610 2 0 |a efektívnosť výroby 
610 2 0 |a tovar 
610 2 0 |a distribúcia 
610 2 0 |a služby 
610 2 0 |a plán podnikový 
610 2 0 |a stratégia marketingová 
610 2 0 |a reťazce dodávateľsko-odberateľské 
610 2 0 |a ochrana zdravia 
610 2 0 |a obstarávanie verejné 
610 2 0 |a logistika 
610 2 0 |a ponuka 
610 2 0 |a dopyt 
610 2 0 |a simulácia 
610 2 0 |a riadenie podnikové 
100 1 |a Jacobs, F. Robert 
700 1 |a Chase, Richard B.